| 000 | 00612cab a2200193 4500 | ||
|---|---|---|---|
| 001 | WB2517-01 | ||
| 008 | 090401t1989 xxu||||| |||| 00| 0 eng d | ||
| 035 | _a(Sirsi) u24024 | ||
| 041 | _aeng | ||
| 245 | _aCompensation rules should be revised | ||
| 260 | _c1989 | ||
| 350 | _a0 | ||
| 490 |
_aEstates Gazette _vno 8917, 29/4/89 p62 |
||
| 520 | _aThe CAAV is calling for amendments to the Agricultural Holdings Act 1986 , to change compensation rules for tenants dispossessed to allow for development . | ||
| 650 | _aFIXED TERM TENANCIES | ||
| 690 | _aRURAL PRACTICE | ||
| 942 | _n0 | ||
| 948 | _c04/03/1997 | ||
| 999 |
_c16088 _d16088 |
||